El problema de la novela en Pío Baroja
Guardat en:
| Autor principal: | |
|---|---|
| Format: | Llibre |
| Idioma: | espanyol |
| Publicat: |
Ciudad de México
Ateneo
1963
|
| Matèries: | |
| Etiquetes: |
Afegir etiqueta
Sense etiquetes, Sigues el primer a etiquetar aquest registre!
|
MARC
| LEADER | 00000nam a2200000 a 4500 | ||
|---|---|---|---|
| 001 | UCT4824 | ||
| 003 | CL-VaPUC | ||
| 008 | 961122e19630000MX |||||||||||||||||spa|d | ||
| 082 | 0 | 4 | |a 863.09 |b NAL |2 21 |
| 100 | |a Nállim, Carlos Orlando |e autor |9 479756 | ||
| 245 | 1 | 3 | |a El problema de la novela en Pío Baroja |
| 300 | |a 280 p | ||
| 942 | |c BK | ||
| 945 | |d 19961122 00:00:00 |a nastorga | ||
| 260 | |a Ciudad de México |b Ateneo |c 1963 | ||
| 600 | 0 | 7 | |a BAROJA, PIO |2 CL-VaPUC |9 322211 |
| 650 | 0 | |a Crítica e interpretación |9 255042 | |
| 650 | 7 | |a NOVELA ESPAÑOLA |2 CL-VaPUC |9 313139 | |
| 650 | 0 | |a Escritores |9 313723 | |
| 650 | 0 | |a Romanticismo en la literatura |9 313777 | |
| 650 | 0 | |a Literatura española |9 306261 | |
| 583 | |a last modification |c 19961122 00:00:00 |k Rodrigo Vera | ||
| 999 | |c 253966 |d 253964 | ||
| 952 | |0 0 |1 0 |4 0 |6 863_090000000000000_NAL_1963 |7 0 |8 A |9 275196 |a FDOPOS |b FDOPOS |d 2019-11-19 |i 3252779 |o 863.09 NAL 1963 |p 3252779 |r 2025-01-22 |w 2019-11-19 |y BK |k MLH | ||